Statistics for Canadian Territories and Provences

Click here to take the quiz!

General Stats

  • This quiz has been taken 220 times
  • The average score is 7 of 13

Answer Stats

Territories&Provinces% Correct
Ontario
77%
Quebec
77%
Alberta
70%
British Columbia
62%
Yukon
59%
Prince Edward Island
54%
Manitoba
52%
Nova Scotia
45%
Nunavut
43%
New Brunswick
39%
Northwest Territories
39%
Saskatchewan
39%
Newfoundland and labrador
32%

Score Distribution

Percentile by Number Answered

Percent of People with Each Score

Your Score History

You have not taken this quiz